Нормален изглед
MARC изглед
- Т. Измирлиев
Вход 01. Лично име
001 - Контролен номер на записа
- Контролно поле: 398004
003 - Код на организацията, даваща контролен номер
- Контролно поле: BLK
005 - Дата и час на последна промяна на записа
- Контролно поле: 20191002110935.0
008 - Данни с фиксирана дължина – обща информация
- Данни с фиксирана дължина : 191002|| aca||aabn | a|a d
100 ## - ИМЕ НА ЛИЦЕ -ПЪРВИЧНА ИНТЕЛЕКТУАЛНА ОТГОВОРНОСТ
- Лично име: Т. Измирлиев
942 ## - Системна служебна употреба
- Koha auth type: PERSO_NAME